000 00577 a2200181 4500
003 NUST
038 _aa
082 _a2
100 _aSaad Ahmad
245 _aFire alarm and suppression system
_cSaad Ahmad & Salman Ahmad
260 _aIslamabad :
_bNUST School of Electrical Engineering & Computer Science,
_c2009.
300 _a89 p. :
_bill. ;
_c27 cm +
_eCD-ROM
500 _aSupervisors : Mr. Habeel Ahmad, Dr. Rehan Hafiz.
563 _aa
700 _aSalman Ahmad
_992179
856 _uhttp://10.250.8.41:8080/xmlui/handle/123456789/3570
942 _cPR
_kBEE-2 SAA
_2ddc
999 _c10058
_d10058